| 000 | 00870nam a22002657a 4500 | ||
|---|---|---|---|
| 003 | OSt | ||
| 005 | 20240411074018.0 | ||
| 007 | ta | ||
| 008 | 210223e2020 dr ||||er|||| 00| jdspa d | ||
| 020 | _a9789945618228 | ||
| 040 |
_aDO-SdBNP _bspa _cBNPHU |
||
| 041 | _hspa | ||
| 082 | 4 |
_bO77a _222 _aRD863.5 |
|
| 100 | 1 |
_aOrtíz Ramos , Ángel Alfredo _d1969- _977897 |
|
| 245 | 1 |
_aLa avecilla : _blibro de cuentos / _cÁngel A. Ortíz Ramos ; prólogo, Juan Ramón Galván |
|
| 260 |
_aSanto Domingo : _bAmigo del Hogar , _c2020 |
||
| 300 |
_a104 p. : _c21 cm. |
||
| 500 | _aIncluye datos biográficos del autor en las solapas | ||
| 590 | _aInventariado, 2021/MFF | ||
| 650 | 0 |
_aCuentos dominicanos _9176 |
|
| 650 | 4 |
_aLiteratura dominicana _979538 |
|
| 700 | 1 |
_aGalván , Juan R. , _eprólogo _977898 |
|
| 910 | _aValidado. Control de calidad MFF | ||
| 942 |
_2ddc _cLBS1 |
||
| 999 |
_c49437 _d49437 |
||